Hamlet, Príncipe de Dinamarca / (Record no. 143868)
[ view plain ]
| 000 -LEADER | |
|---|---|
| campo de control de longitud fija | 00711nam a2200193 4500 |
| 001 - NÚMERO DE CONTROL | |
| campo de control | 143868 |
| 003 - IDENTIFICADOR DE NÚMERO DE CONTROL | |
| campo de control | ES-MaACL |
| 005 - FECHA Y HORA DE LA ÚLTIMA TRANSACCIÓN | |
| campo de control | 20250716062531.0 |
| 007 - CAMPO FIJO DE DESCRIPCIÓN FÍSICA--INFORMACIÓN GENERAL | |
| campo de control de longitud fija | t| |
| 008 - DATOS DE LONGITUD FIJA--INFORMACIÓN GENERAL | |
| campo de control de longitud fija | 070214s1968 mx r ||||1| spa d |
| 100 1# - ENTRADA PRINCIPAL--NOMBRE DE PERSONA | |
| Nombre de persona | Shakespeare, William, |
| Fechas asociadas al nombre | 1564-1616 |
| 9 (RLIN) | 105992 |
| 245 10 - MENCIÓN DEL TÍTULO | |
| Título | Hamlet, Príncipe de Dinamarca / |
| Mención de responsabilidad, etc. | William Shakespeare ; traducción completa en verso blanco, estudio histórico y crítico, notas y comentarios de Alvaro Custodio. |
| 260 ## - PUBLICACIÓN, DISTRIBUCIÓN, ETC. | |
| Lugar de publicación, distribución, etc. | México, D. F. : |
| Nombre del editor, distribuidor, etc. | Teatro Clásico de México, |
| Fecha de publicación, distribución, etc. | 1968 ( |
| Fabricante | Muñoz) |
| 300 ## - DESCRIPCIÓN FÍSICA | |
| Extensión | 467 p. ; |
| Dimensiones | 20 cm. |
| 700 1# - ENTRADA AGREGADA--NOMBRE PERSONAL | |
| Nombre de persona | Custodio, Alvaro. |
| 9 (RLIN) | 42279 |
| 710 2# - ENTRADA AGREGADA--NOMBRE DE ENTIDAD CORPORATIVA | |
| Nombre de entidad corporativa o nombre de jurisdicción como elemento de entrada | Teatro Clásico de México. |
| 9 (RLIN) | 6916 |
| 852 ## - LOCALIZACIÓN | |
| Ubicación | ES-MaACL |
| Número de control de estantería | C-56397 |
| Sublocalización o colección | R.89153 |
| Estatus retirado | Estado de pérdida | Estado de daño | No para préstamo | Biblioteca de origen | Biblioteca actual | Ubicación en estantería | Fecha de adquisición | Fuente de adquisición | Total de préstamos | Signatura topográfica completa | Código de barras | Visto por última vez | Precio de reemplazo | Tipo de ítem Koha |
|---|---|---|---|---|---|---|---|---|---|---|---|---|---|---|
| Biblioteca del Ateneo de Madrid | Biblioteca del Ateneo de Madrid | Depósito 2 | 17/01/2008 | C-56397 | 1149684 | 23/02/2023 | 23/02/2023 | Libro impreso |
